RICS Valuation Global Standards 2017 Jurisdiction Guide (Record no. 116291)

MARC details
000 -LEADER
fixed length control field 01507cam a22002655a 4500
001 - CONTROL NUMBER
control field L160239
008 - FIXED-LENGTH DATA ELEMENTS--GENERAL INFORMATION
fixed length control field 190514s2019 xxk f 000 0 eng d
020 ## - INTERNATIONAL STANDARD BOOK NUMBER
International Standard Book Number 9781783213412
035 ## - SYSTEM CONTROL NUMBER
System control number (Sirsi) u160239
041 0# - LANGUAGE CODE
Language code of text/sound track or separate title eng
110 2# - MAIN ENTRY--CORPORATE NAME
Corporate name or jurisdiction name as entry element Royal Institution of Chartered Surveyors
9 (RLIN) 4900
245 00 - TITLE STATEMENT
Title RICS Valuation Global Standards 2017 Jurisdiction Guide
Remainder of title Brazil
Medium [electronic resource]
260 ## - PUBLICATION, DISTRIBUTION, ETC.
Place of publication, distribution, etc. London,
Name of publisher, distributor, etc. RICS,
Date of publication, distribution, etc. 2019
490 #0 - SERIES STATEMENT
Series statement RICS Jurisdiction Guide
490 #0 - SERIES STATEMENT
Series statement RICS Red Book
520 ## - SUMMARY, ETC.
Summary, etc. Provides a general overview of the valuation process in Brazil aimed at property owners commissioning a valuation and professionals providing advice on the results of a valuation. Includes information on legislation governing the holding and valuation of real estate, ownership structures, lease terms, planning regulations and development control, taxation issues and the application of the RICS Valuation Global Standards 2017 (Red Book) (L159426). English and Portguese translation available.
590 ## - LOCAL NOTE (RLIN)
Local note NTK
650 24 - SUBJECT ADDED ENTRY--TOPICAL TERM
Topical term or geographic name entry element RED BOOK
650 24 - SUBJECT ADDED ENTRY--TOPICAL TERM
Topical term or geographic name entry element GLOBAL VALUATION STANDARDS 2017
651 #4 - SUBJECT ADDED ENTRY--GEOGRAPHIC NAME
Geographic name Brazil
690 ## - LOCAL SUBJECT ADDED ENTRY--TOPICAL TERM (OCLC, RLIN)
Topical term or geographic name as entry element Valuation
9 (RLIN) 6273
856 40 - ELECTRONIC LOCATION AND ACCESS
Uniform Resource Identifier <a href="https://www.rics.org/content/dam/ricsglobal/documents/standards/valuation_global_standards_2017_jurisdiction_guide_brazil_rics.pdf">https://www.rics.org/content/dam/ricsglobal/documents/standards/valuation_global_standards_2017_jurisdiction_guide_brazil_rics.pdf</a>
Public note View free on RICS.org
856 40 - ELECTRONIC LOCATION AND ACCESS
Uniform Resource Identifier <a href="https://www.rics.org/content/dam/ricsglobal/documents/standards/red_book_2022_portuguese_translation.pdf">https://www.rics.org/content/dam/ricsglobal/documents/standards/red_book_2022_portuguese_translation.pdf</a>
Public note View Portuguese translation free on RICS.org
942 ## - ADDED ENTRY ELEMENTS (KOHA)
Suppress in OPAC 0
Source of classification or shelving scheme Dewey Decimal Classification
Holdings
Withdrawn status Lost status Source of classification or shelving scheme Damaged status Not for loan Home library Current library Shelving location Date acquired Total Checkouts Date last seen Price effective from Koha item type
    Dewey Decimal Classification     Virtual Virtual Online 26/05/2023   26/05/2023 26/05/2023 Online material